Terrorismo de estado y lucha de clases
Gorde:
| Egile nagusia: | |
|---|---|
| Formatua: | Texto |
| Argitaratua: |
San José :
|
| Etiketak: |
Etiketa erantsi
Etiketarik gabe, Izan zaitez lehena erregistro honi etiketa jartzen!
|
MARC
| LEADER | 00000 a a2200000 04500 | ||
|---|---|---|---|
| 001 | 14627 | ||
| 003 | |||
| 040 | |a CRAI/IIS |c CRAI/IIS | ||
| 090 | |a 021600 | ||
| 100 | |a Figueroa Ibarra, Carlos | ||
| 245 | |a Terrorismo de estado y lucha de clases | ||
| 260 | |a San José : | ||
| 300 | |a 22 p. | ||
| 999 | |c 16577 |d 16577 | ||
